Stolen into slavery : (Record no. 2598)

MARC details
000 -LEADER
fixed length control field 01712nam a22002417a 4500
005 - DATE AND TIME OF LATEST TRANSACTION
control field 20240103165202.0
020 ## - INTERNATIONAL STANDARD BOOK NUMBER
International Standard Book Number 9780545438582
040 ## - CATALOGING SOURCE
Original cataloging agency FISKH
Language of cataloging eng
Transcribing agency FISKH
Modifying agency FISKH
050 ## - LIBRARY OF CONGRESS CALL NUMBER
Classification number E444.N87
082 ## - DEWEY DECIMAL CLASSIFICATION NUMBER
Classification number 306.3
100 ## - MAIN ENTRY--PERSONAL NAME
Personal name Fradin, Judith
Relator term Coauthor
245 ## - TITLE STATEMENT
Title Stolen into slavery :
Remainder of title The true story of Solomon Northup, Free Black Man /
Statement of responsibility, etc. by Judith Fradin and Dennis Fradin
250 ## - EDITION STATEMENT
Edition statement First Scholastic printing, January 2012
260 ## - PUBLICATION, DISTRIBUTION, ETC.
Place of publication, distribution, etc. Washington :
Name of publisher, distributor, etc. Scholastic,
Date of publication, distribution, etc. 2012
300 ## - PHYSICAL DESCRIPTION
Extent 119 pages :
Other physical details illustrations ;
Dimensions 20cm
505 ## - FORMATTED CONTENTS NOTE
Formatted contents note Z
520 ## - SUMMARY, ETC.
Summary, etc. The true story behind the acclaimed movie 12 Years a Slave, this book is based on the life of Solomon Northup, a free black man from New York who was captured in the United States and sold into slavery in Louisiana./><br/>Solomon Northup awoke in the middle of the night with his body trembling. Slowly, he realized that he was handcuffed in a dark room and his feet were chained to the floor. He managed to slip his hand into his pocket to look for his free papers that proved he was one of 400,000 free blacks in a nation where 2.5 million other African Americans were slaves. They were gone.<br/><br/>This remarkable story follows Northup through his 12 years of bondage as a man kidnapped into slavery, enduring the hardships of slave life in Louisiana. But the tale also has a remarkable ending. Northup is rescued from his master's cotton plantation in the deep South by friends in New York. This is a compelling tale that looks into a little known slice of history, sure to rivet young readers and adults alike.
521 ## - TARGET AUDIENCE NOTE
Target audience note 1060
Source Lexile
521 ## - TARGET AUDIENCE NOTE
Target audience note Z
Source Raz-Plus
700 ## - ADDED ENTRY--PERSONAL NAME
Personal name Fradin, Dennis
Relator term Coauthor
942 ## - ADDED ENTRY ELEMENTS (KOHA)
Source of classification or shelving scheme Dewey Decimal Classification
Koha item type Books
Suppress in OPAC No
999 ## -
-- 2598
-- 2598
Holdings
Withdrawn status Lost status Source of classification or shelving scheme Damaged status Not for loan Collection Home library Current library Shelving location Date acquired Total Checkouts Full call number Barcode Date last seen Date last checked out Price effective from Koha item type
    Dewey Decimal Classification     Non-Fiction Footprints International School Library Network Toul Kork Campus Footprints International School Library Network Toul Kork Campus TTP Secondary Non-Fiction Bookshelves 01/03/2024 1 DEN 306.3 E444.N87 FISSE01234 02/28/2024 01/10/2024 01/03/2024 Books